| 000 | 00809nam a2200241Ia 4500 | ||
|---|---|---|---|
| 005 | 20251020182444.0 | ||
| 008 | 200515s9999 xx 000 0 und d | ||
| 082 | _a532.66/G82 | ||
| 100 | _aGribbin, John E. | ||
| 245 | 0 | _aHidráulica e hidrología | |
| 250 | _a4a ed. | ||
| 260 | _aMéxico, D.F. | ||
| 260 | _bCengage Learning Editores | ||
| 260 | _c2017 | ||
| 300 | _a543 p. | ||
| 300 | _bil., tbl., graf. | ||
| 500 | _a1 ejemplar | ||
| 520 | _aIntroducción a la hidráulica e hidrología con aplicaciones para la administración del agua pluvial sigue el mismo enfoque sencillo y práctico que ha hecho de las ediciones anteriores herramientas valiosas. Conceptos de hidráluica e hidrología de aguas sup | ||
| 650 | _aHIDRAULICA | ||
| 650 | _aHIDROLOGIA | ||
| 942 | _cLIB | ||
| 999 |
_c630 _d630 |
||